Biología celular y molecular de De Robertis / (Registro nro. 5856)

Detalles MARC
000 -CABECERA
campo de control de longitud fija 01271nam a2200265 i 4500
001 - NÚMERO DE CONTROL
campo de control Rebiun00551697
003 - IDENTIFICADOR DEL NÚMERO DE CONTROL
campo de control AR-RoIUNI
005 - FECHA Y HORA DE LA ÚLTIMA TRANSACCIÓN
campo de control 20240306152743.0
008 - DATOS DE LONGITUD FIJA--INFORMACIÓN GENERAL
campo de control de longitud fija 091110s2007 ag a 001 0 spa c
020 ## - NÚMERO INTERNACIONAL ESTÁNDAR DEL LIBRO
Número Internacional Estándar del Libro 9789500203845
040 ## - FUENTE DE LA CATALOGACIÓN
Centro catalogador/agencia de origen SpMaUCME
Centro/agencia transcriptor AR-RoIUNI
080 ## - NÚMERO DE LA CLASIFICACIÓN DECIMAL UNIVERSAL
Número de la Clasificación Decimal Universal 577.2
080 ## - NÚMERO DE LA CLASIFICACIÓN DECIMAL UNIVERSAL
Número de la Clasificación Decimal Universal 576
100 1# - ENTRADA PRINCIPAL--NOMBRE DE PERSONA
Nombre de persona De Robertis, Eduardo M.F.
245 10 - MENCIÓN DE TÍTULO
Título Biología celular y molecular de De Robertis /
Mención de responsabilidad, etc. De Robertis (h), Hib, José
250 ## - MENCIÓN DE EDICIÓN
Mención de edición [16a. ed.,]
260 ## - PUBLICACIÓN, DISTRIBUCIÓN, ETC. (PIE DE IMPRENTA)
Lugar de publicación, distribución, etc. Buenos Aires :
Nombre del editor, distribuidor, etc. Hipocrático,
Fecha de publicación, distribución, etc. 2012
300 ## - DESCRIPCIÓN FÍSICA
Extensión 476 p. :
Otras características físicas il. ;
Dimensiones 24 cm
505 ## - NOTA DE CONTENIDO CON FORMATO
Nota de contenido con formato 1. La célula 2. Componentes químicos de la célula 3. Métodos de estudio en Biología Celular 4. Membrana celular 5. Matriz citoplasmática y cito esqueleto 6. Superficie celular 7. Señalización intercelular 8. Sistema de endomembranas 9. Mitocondrias. Peroxisomas 10. Núcleo interfasico 11. Estructura de los genes 12. Transcripción del ADN 13. Traducción del ARN 14. Replicación del ADN 15. Mitosis. Control del ciclo celular 16. Meiosis. Fecundación 17. Citogenética 18. Diferenciación celular. Muerte celular 19. La célula vegetal. Cloroplastos
650 04 - PUNTO DE ACCESO ADICIONAL DE MATERIA--TÉRMINO DE MATERIA
Término de materia o nombre geográfico como elemento inicial Biología molecular
650 04 - PUNTO DE ACCESO ADICIONAL DE MATERIA--TÉRMINO DE MATERIA
Término de materia o nombre geográfico como elemento inicial Citología
700 1# - PUNTO DE ACCESO ADICIONAL--NOMBRE DE PERSONA
Nombre de persona Hib, José
9 (RLIN) 129
700 0# - PUNTO DE ACCESO ADICIONAL--NOMBRE DE PERSONA
Nombre de persona De Robertis
942 ## - ELEMENTOS DE PUNTO DE ACCESO ADICIONAL (KOHA)
Fuente del sistema de clasificación o colocación Clasificación Decimal Universal
Tipo de ítem Koha Libros
Existencias
Estado de retiro Estado de pérdida Fuente del sistema de clasificación o colocación Estado dañado Excepción de préstamo Localización permanente Ubicación/localización actual Ubicación en estantería Fecha de adquisición Fuente de adquisición Número de inventario Total de préstamos Signatura topográfica completa Código de barras Fecha visto por última vez Fecha del último préstamo Precio válido a partir de Tipo de ítem Koha
    Clasificación Decimal Universal     BIBLIOTECA CENTRAL BIBLIOTECA CENTRAL BIBLIOTECA CENTRAL 16/01/2024 Compra 8301 1 577.2 DER 8301 23/04/2025 29/07/2024 16/01/2024 Libros
    Clasificación Decimal Universal     BIBLIOTECA CENTRAL BIBLIOTECA CENTRAL BIBLIOTECA CENTRAL 16/01/2024 Compra 8302   577.2 DER 8302 16/01/2024   16/01/2024 Libros